000 003490000a22001210004500
041 0 _aSPA
082 0 4 _aAV 0356
110 1 _aComité de Lausana para la Evangelización Mundial
245 1 0 _aDocumentos periódicos de Lausana : Compromiso evangélico con un estilo de vida sencillo / Alan Nichols
300 _a48 Pág.
001 14402
942 _cBK
999 _c43270
_d43270